Los antiguos reinos de México
Saved in:
| Hovedforfatter: | |
|---|---|
| Format: | Bog |
| Sprog: | spansk |
| Udgivet: |
Ciudad de México
Fondo de Cultura Económica
1988
|
| Udgivelse: | 1a. ed |
| Serier: | Sección de Obras de Antropología
|
| Fag: | |
| Tags: |
Tilføj Tag
Ingen Tags, Vær først til at tagge denne postø!
|
MARC
| LEADER | 00000cam a2200000 a 4500 | ||
|---|---|---|---|
| 001 | UCE0041 | ||
| 003 | CL-VaPUC | ||
| 008 | 131227e19880000mx |||||||||||||||||spa|d | ||
| 020 | |a 9789681628017 | ||
| 082 | 0 | 4 | |a 972.01 |b DAV |2 21 |
| 100 | 0 | |a Davies, Nigel |e author |9 572449 | |
| 245 | 1 | 4 | |a Los antiguos reinos de México |
| 250 | |a 1a. ed | ||
| 300 | |a 248 p | ||
| 942 | |c BK | ||
| 945 | |d 20131227 10:32:00 |a dcastane | ||
| 260 | |a Ciudad de México |b Fondo de Cultura Económica |c 1988 | ||
| 650 | 0 | |a Historia de México |9 321806 | |
| 650 | 7 | |a OLMECAS |2 CL-VaPUC |9 572450 | |
| 650 | 7 | |a TOLTECAS |2 CL-VaPUC |9 572451 | |
| 650 | 0 | |a Aztecas |9 265930 | |
| 583 | |a last modification |c 20131227 10:32:00 |k Rodrigo Vera | ||
| 490 | 0 | |a Sección de Obras de Antropología | |
| 999 | |c 354362 |d 354360 | ||
| 952 | |0 0 |1 0 |3 erb |4 0 |6 972_010000000000000_DAV_1988 |7 0 |8 A |9 460151 |a BIBHIS |b BIBHIS |i 5038359 |o 972.01 DAV 1988 |p 5038359 |r 2025-01-20 |w 2019-11-23 |y BK |z Catalogado en:20131227 |k HIS | ||